| 000 | 00489cam a22001697a 4500 | ||
|---|---|---|---|
| 008 | 180718b2000 xxu||||| |||| 00| 0 eng d | ||
| 020 | _a0195651405 | ||
| 082 | _aB262 Z19 | ||
| 100 | _aZavos, John | ||
| 245 |
_aEmergence of Hindu nationalism in India _cby John Zavos |
||
| 260 |
_aNew Delhi _bOxford Univ. Press _c2000 |
||
| 300 | _a245p. | ||
| 650 | _aHinduism and state - India. | ||
| 650 | _aIndia - History | ||
| 650 | _aNationalism - India | ||
| 650 | _aHinduism - India - History | ||
| 999 |
_c394426 _d394426 |
||